01283nam a2200193 a 4500001001000000005001700010041000800027044000700035084002000042100002700062245015600089260004100245300003500286500003900321500052500360500012000885505002301005650006101028BRCA_888320190320210439.0 alat ait aCO22b.F47 17771 aFerraris, Luciusd176310aAdm. Rev. P. F. Lucii Ferraris prompta biblioteca canonica, jurídica, moralis, theologica nec non ascética, polémica, rubricistica, histórica. aVenetiisbApud Gasparem Stortic1777 aVIII, 755 p. (t.7)c24 x 19 cm aSuperiorum permissu, ac Privilegio aEn portada: De Principalioribus, et fere Omnibus, que in dies occurrunt nec penes omnes facilem, ac prompte reperiri possunt, ex utroque jure, pontificiis constitutionibus, conciliis, sacrarum congregationum decretis, sacrae romanae rotae decisionibus, ac probatissimis et selectissimis auctoribus. Accurt collecta, adaucta, in unum redacta, & ordine alphabetico congesta, ac in octo tomos distributa. Editio novissima caeteris ómnibus castigatior, et locupletior, adjecto nunc primum Indice Meteriarum absolutissimo aEstado físico: presentan encuadernación en pergamino con cintas rotas y desprendimiento de algunos cuadernillos0 aTomus septimus S-Z14aIglesia católicavdiccionarioyObras anteriores a 1800